Humphrey Bogart Characters - Statistics

General Stats
  • This quiz has been taken 16 times
  • The average score is 8 of 13
Answer Stats
Hint Answer % Correct
An reluctant American night club owner in the northern African city the film is named after, during WWII. Rick Blaine
87%
A private detective hired by a wealthy family to investigate a series of blackmail cases and murders in a complex web of deceit and intrigue. Philip Marlowe
80%
A cynical private detective drawn into a labyrinthine plot involving a valuable statuette and a cast of morally ambiguous characters. Sam Spade
80%
A grizzled Canadian boat captain who finds himself reluctantly teamed up with a prim missionary on a perilous journey down an African river during World War I. Charlie Allnut
67%
An American expatriate living in Martinique during World War II, who becomes reluctantly involved in the resistance movement against the Nazis. Harry Morgan
67%
A man wrongfully convicted of murder who undergoes plastic surgery to change his appearance and goes on the run to clear his name. Vincent Parry
67%
A disillusioned war veteran who finds himself trapped in a Florida hotel with a group of criminals during a hurricane. Frank McCloud
60%
A down-on-his-luck drifter who becomes consumed by greed while prospecting for gold in the rugged mountains of Mexico. Fred C. Dobbs
60%
A troubled Hollywood screenwriter who becomes the prime suspect in a murder investigation, leading to a tense psychological thriller. Dixon Steele
53%
A wealthy and sophisticated businessman who becomes entangled in a romantic rivalry with his playboy brother over the affections of their chauffeur's daughter. Linus Larrabee
53%
A paranoid and authoritarian naval officer whose questionable leadership during a typhoon leads to a mutiny aboard his ship. Lt. Cmdr. Philip Francis Queeg
47%
A hardened criminal fresh out of prison who plans one last heist before retiring, only to find himself facing betrayal and tragedy in the Sierra Nevada mountains. Roy Earle
47%
A dangerous convict on the run from the law with two fellow criminals, who takes over an innocent family's home. Glenn Griffin
20%
No matching quizzes found
Score Distribution
Percent of People with Each Score
Percentile by Number Answered
Your Score History
You have not taken this quiz